| 000 | 01041nam a2200301 i 4500 | ||
|---|---|---|---|
| 001 | 67491 | ||
| 003 | ES-MaACL | ||
| 005 | 20230906170102.0 | ||
| 007 | t| | ||
| 008 | 040601s2002 sp ||||0| spa d | ||
| 020 | _a84-493-1280-9 | ||
| 040 |
_aM-BN _bspa _cM-BN |
||
| 080 | _a338.45(100):665.6/.7 | ||
| 080 | _a662.769.2 | ||
| 100 | 1 |
_aRifkin, Jeremy. _997184 |
|
| 245 | 1 | 3 |
_aLa economía del hidrógeno _b: la creación de la red energética mundial y la redistribución del poder en la Tierra / _cJeremy Rifkin ; [traducción de Ramon Viláa Vernis]. |
| 260 |
_aBarcelona : _bPaidós Ibérica, _c[2002] |
||
| 300 |
_a324 p. ; _c24 cm. |
||
| 490 | 1 |
_aPaidós estado y sociedad ; _v102 |
|
| 504 | _aBibliografía: p. [307]-313. Indice. | ||
| 650 | 1 | 4 |
_aIndustria petrolífera. _913731 |
| 650 | 1 | 4 |
_aHidrógeno (Combustible) _913337 |
| 700 | 1 |
_aViláa Vernis, Ramón. _9133775 |
|
| 830 | 0 |
_aPaidós estado y sociedad ; _v102 _9178635 |
|
| 852 |
_aES-MaACL _jL-27755 _bR.133390 |
||
| 999 |
_c67491 _d67491 |
||